LIBRARY & INFORMATION CENTRE, KCAET, TAVANUR

ONLINE PUBLIC ACCESS CATALOGUE (OPAC)

Finite element analysis - applications in agricultural engineering (Record no. 15133)

MARC details
000 -LEADER
fixed length control field 00735nam a22002057a 4500
003 - CONTROL NUMBER IDENTIFIER
control field OSt
088 ## - REPORT NUMBER
Report number P 216
100 ## - MAIN ENTRY--AUTHOR NAME
Personal name GREESHMA C. P
245 ## - TITLE STATEMENT
Title Finite element analysis - applications in agricultural engineering
260 ## - PUBLICATION, DISTRIBUTION, ETC. (IMPRINT)
Place of publication Tavanur 2010
Name of publisher Kelappaji College of Agricultural Engineering and Technology
300 ## - PHYSICAL DESCRIPTION
Number of Pages 57
500 ## - GENERAL NOTE
General note Finite element analysis - applications in agricultural engineering
520 ## - SUMMARY, ETC.
Summary, etc Finite element analysis - applications in agricultural engineering
700 ## - ADDED ENTRY--PERSONAL NAME
Personal name Mohammad A
700 ## - ADDED ENTRY--PERSONAL NAME
Personal name Shincy Lukose
700 ## - ADDED ENTRY--PERSONAL NAME
Personal name Er. Sasikala D (Guide)
856 ## - ELECTRONIC LOCATION AND ACCESS
Uniform Resource Identifier https://drive.google.com/open?id=1YqB7VcaOVOrF5UOl7mvFdjJzqcdi7RCK
942 ## - ADDED ENTRY ELEMENTS (KOHA)
Koha item type Project Report
Holdings
Collection code Home library Current library Shelving location Full call number Accession Number Koha item type
Reference KAUAET KAUAET Reference 631.587 GRE/FI P 216 Project Report
free website counter